000
00299nam a22001337a 4500
008
181016b xxu||||| |||| 00| 0 eng d
020
_a
9780256095487
041
_a
eng
080
_2
3 ED
_a
330
100
_a
58
101
_a
BUS
245
_a
Undertanding Business
_c
Nickels M
942
_2
udc
_c
BK
999
_c
49838
_d
49838